| 000 | 00442nam a22001457a 4500 | ||
|---|---|---|---|
| 003 | OSt | ||
| 005 | 20140407101333.0 | ||
| 008 | 140402s2000 sp ||||| |||| 00| 0 spa d | ||
| 040 |
_bcat _cCPC Lleida |
||
| 100 |
_94552 _aDiaz Garrido, María del Carmen |
||
| 245 | 1 | 0 |
_aAntes, después y ahora _b: de E.A.J 64 Radio Segovia _c[María del Carmen Díaz Garrido] |
| 260 |
_aSegovia _bRadio Segovia _c2000 |
||
| 300 |
_a125 p. _c24 cm. |
||
| 942 |
_cMON _2udc |
||
| 999 |
_c6710 _d6710 |
||